Herpétologie - Vocabulaire - Statistiques

Statistiques générales
  • Ce quiz a été pris 13 fois
  • Le résultat moyen est 11 sur 36
Statistiques - réponses
Hint Réponse % Correct
Groupe d'amphibiens caractérisés par l'absence de queue à l'état adulte, principalement l'ordre des grenouilles et crapauds. Anoures
100%
Reptile dont le tronc est protégé par une carapace dorsale et un plastron ventral (Tortues). Chélonien
80%
Mode de reproduction où l'embryon se développe en dehors du corps de la mère grâce à une réserve nutritive contenue dans l'œuf. Oviparité
80%
Mode de reproduction caractérisé où l'embryon se développe dans un œuf qui se trouve retenu dans l'appareil génital de la femelle jusqu'à la naissance. Ovoviviparité
80%
Terme qualifiant un animal dont la température corporelle n'est pas constante, mais varie en fonction de celle du milieu extérieur, dit "à sang froid". Poïkilotherme
80%
Groupe d'amphibiens caractérisés par la présence de queue à l'état adulte, principalement l'ordre des salamandres et tritons. Urodeles
80%
Mode de locomotion dans lequel le corps progresse sur sa face ventrale, par des mouvements d'ensemble. Reptation
60%
Reptile à pattes, aux yeux mobiles et à l'ouïe basée sur une oreille moyenne, chassant à l'affût (Lézards). Saurien
60%
Mode de reproduction où l'embryon se développe entièrement à l'intérieur du corps de la mère, recevant nutriments et oxygène jusqu'à la naissance. Viviparité
60%
Terme qualifiant un serpent dont la dentition est dépourvue de crochets venimeux ou de sillons pour inoculer le venin (Ex : Couleuvre à collier). Aglyphe
40%
Structures anatomiques spécialisées situées dans la région du museau, jouant un rôle clé dans la respiration et l'olfaction. Fosses nasales
40%
Une des deux parties des organes copulateurs pairs et symétriques des mâles chez les serpents et lézards, souvent épineux ou bifurqués. Hémipénis
40%
Substance biologique ou chimique toxique qui cible spécifiquement le système nerveux, altérant ou détruisant le tissu nerveux. Neurotoxine
40%
Terme qualifiant un serpent dont les crochets sont situés dans la partie postérieure de la mâchoire supérieure, au sillon faible (Ex : Couleuvre de Montpellier). Opistoglyphe
40%
Poche de peau extensible située sur la gorge des amphibiens mâles (grenouilles, crapauds) servant de caisse de résonance pour amplifier les chants, notamment pour l'accouplement. Sac vocal
40%
Capsule ou masse gélatineuse produite par le mâle de nombreuses espèces de tritons et salamandres contenant les spermatozoïdes. Spermatophore
40%
Reptile à écailles et à fosses temporales inférieures ouvertes vers le bas. Squamate
40%
Mécanisme de défense réflexe par lequel certains animaux se séparent volontairement d'une partie de leur corps pour échapper à un prédateur. Autotomie
20%
Petite encoche présente au bout de la bouche des serpents leur permettant de passer le bout de leur langue. Brèche labiale
20%
Glande sous-cutanée à excrétion externe située à l'arrière de la tête ou sur le cou/épaules des crapauds et salamandres, sécrétant une substance laiteuse toxique. Glande parotoïde
20%
Reptile apode, aux yeux fixes et à l'ouïe basée sur les vibrations, chassant au hasard par injection de venin (Serpents). Ophidien
20%
Terme qualifiant un serpent dont les crochets fixes sont situés dans la partie antérieure de la mâchoire supérieure, au sillon large (Ex : Cobras). Protéroglyphe
20%
Terme qualifiant un serpent dont les crochets mobiles sont situés dans la partie antérieure de la mâchoire supérieure, relié à la glande à venin par un canal (Ex : Vipères). Solénoglyphe
20%
Comportement d'accouplement de certains amphibiens où le mâle agrippe le dos de la femelle avec ses pattes antérieures. Amplexus
0%
Excroissances cornées et rugueuses qui se développent sur les pattes des mâles de certains amphibiens pendant la période de reproduction servant à mieux agripper la femelle. Callosité
0%
Substance biologique ou chimique toxique qui accélère drastiquement la coagulation sanguine, provoquant la formation de caillots. Coagulant
0%
Substance biologique ou chimique toxique qui agit sur les nerfs moteurs comme le curare. Curarisant
0%
Petites structures dentaires situées sur le toit palais, présentes chez certains amphibiens, elles servent à la préhension et à la rétention des proies. Dent vomérienne
0%
Structures doubles qui assurent la respiration et l'olfaction chez les amphibiens. Fossette nasale
0%
Enveloppe gélatineuse protectrice qui entoure les œufs après leur ponte dans l'eau. Gangue
0%
Terme qualifiant un serpent dont la dentition est décorée de deux crochets susceptibles d'injecter du venin (Ex : Tous les serpents venimeux). Glyphodonte
0%
Parure colorée temporaire que revêtent de nombreux animaux durant la période de reproduction pour attirer un partenaire. Livrée nuptiale
0%
Renouvellement de la peau avec une perte générale en un morceau démarrant par un déchirement à un endroit pour initier l'extirpation chez les salamandres et tritons. Mue complète
0%
Renouvellement de la peau avec une perte en lambeaux accompagnée de contorsion chez les grenouilles et crapauds. Mue partielle
0%
Phénomène biologique où un organisme atteint la maturité sexuelle tout en conservant des caractéristiques physiques juvéniles ou larvaires, sautant ainsi la métamorphose adulte. Néoténie larvaire
0%
Structure de reproduction complexe, propre aux amniotes, permettant le développement de l'embryon sur la terre ferme. Œuf amniotique
0%
Aucun quiz correspondant
Distribution des résultats
% des personnes avec chaque résultat
Percentile par nombre de réponses
Votre historique - résultats
Vous n’avez pas pris ce quiz